000 00652nam a2200241Ia 4500
003 OSt
005 20221007074251.0
006 a|||||r|||| 00| 0
007 ta
008 221006b |||||||| |||| 00| 0 eng d
024 _a22,525
037 _cReference Collections
040 _aFLL
_cFLL
_beng
041 _2eng
_aeng
082 _aZ2:83q, J3
100 _aChitaley V. V.
245 0 _aIndian stamp act (ii of 1899)
250 _a2nd
260 _aNagpur
_bAll India Reporter Ltd. India
_c1953
300 _alxxvii,1199p
_ccm.
942 _hZ2:83q, J3
_cREF
_2CC
999 _c1151749
_d1151749